| 000 | 00844nam a22002417a 4500 | ||
|---|---|---|---|
| 005 | 20170124110240.0 | ||
| 010 | _aB-158523 | ||
| 020 |
_c1250.00 _a8121510880 |
||
| 035 | _aB-158523 | ||
| 037 | _bCen Lib/Ret | ||
| 040 |
_aDPL _bEN |
||
| 082 |
_a720.954 _bMER |
||
| 100 |
_aMerklinger, Elizabeth Schotten _9142121 |
||
| 245 |
_aSultanate architecture of pre-Mughal India / _cby Elizabeth Schotten Merklinger |
||
| 246 | _b | ||
| 260 |
_aNew Delhi _bMunshiram Manoharlal Publishers _c2005 |
||
| 270 |
_bNew Delhi _a54, rani Jhansi road _e110055 |
||
| 300 |
_axiv, 174p. : _c28cm(Hb) _bill. |
||
| 500 | _aIncludes glossary, bibliographical references and index | ||
| 650 |
_aArchitecture -- India. _930212 |
||
| 650 |
_aIslamic architecture -- India -- Delhi (Sultanate) _9142122 |
||
| 942 |
_2ddc _cEN _h720.954 _mMER |
||
| 999 |
_c135100 _d135100 |
||